[Event "ICS Rated standard match"]
[Site "207.99.83.227"]
[Date "1999.04.16"]
[Round "?"]
[White "Hossa"]
[Black "Riporto2"]
[Result "1-0"]
[WhiteElo "2282"]
[BlackElo "2314"]
[PlyCount "135"]

1. e4 e5 2. Nf3 Nf6 3. Nc3 Bb4 4. Nxe5 Qe7 5. Nf3 Nxe4 6. Be2 Bxc3 7. dxc3 O-O
8. O-O Re8 9. Re1 Qc5 10. Be3 Qa5 11. Nd2 Nxd2 12. Bxd2 d6 13. Bd3 Be6 14. c4
Qc5 15. b4 Qb6 16. Qh5 g6 17. Qh6 Nd7 18. Bc3 f6 19. Bxg6 hxg6 20. Qxg6+ Kf8
21. Bxf6 Nxf6 22. Qxf6+ Bf7 23. Qh8+ Bg8 24. c3 Rad8 25. Qh6+ Kf7 26. Qf4+ Kg7
27. Red1 Bf7 28. Qg5+ Bg6 29. Rd4 Rc8 30. Rh4 Re6 31. Rf1 Rh8 32. Rf4 c5 33. b5
Rh5 34. Qg4 Rhe5 35. Qd1 Qa5 36. Qd2 Re2 37. Qd5 b6 38. Qb7+ Re7 39. Qb8 Re8
40. Qc7+ R2e7 41. Qxd6 Qxc3 42. h3 Re2 43. Rg4 Qc2 44. Kh2 R2e6 45. Qc7+ R8e7
46. Qg3 Qxa2 47. Rd1 Qe2 48. Rd5 Qe1 49. Rdg5 Qb1 50. Qh4 Re8 51. Rd5 Kf7 52.
Rf4+ Kg8 53. Rd7 Qa1 54. Rg4 Qh8 55. Qg3 Qe5 56. Qxe5 Rxe5 57. Rxg6+ Kf8 58.
Rxa7 Re4 59. Rxb6 Rxc4 60. Rf6+ Kg8 61. Rff7 Rce4 62. Rg7+ Kh8 63. Rh7+ Kg8 64.
Rag7+ Kf8 65. b6 c4 66. b7 c3 67. Rc7 c2 68. Rh8# {Riporto2 checkmated} 1-0

[Event "ICS rated standard match"]
[Site "207.99.83.227"]
[Date "1999.04.16"]
[Round "?"]
[White "Hossa"]
[Black "Alex72"]
[Result "1-0"]
[WhiteElo "2299"]
[BlackElo "2059"]
[PlyCount "73"]

1. e4 e5 2. Nf3 d5 3. exd5 e4 4. Qe2 Nf6 5. Nc3 Be7 6. Ne5 O-O 7. d4 exd3 8.
Qxd3 Re8 9. f4 Bb4 10. Bd2 Bxc3 11. Bxc3 Qxd5 12. Qxd5 Nxd5 13. Bc4 c6 14. O-O
Nd7 15. Bxd5 cxd5 16. Nd3 Nb6 17. Rf3 Bf5 18. Rg3 g6 19. Nc5 Bxc2 20. Nxb7 Nc4
21. b3 Ne3 22. Be5 Nf5 23. Rc3 Be4 24. Rc7 Rac8 25. Rac1 Rxc7 26. Rxc7 d4 27.
Nc5 Bb1 28. Rxa7 d3 29. Ne4 d2 30. Nf6+ Kf8 31. Nxh7+ Kg8 32. Nf6+ Kf8 33. Rd7
Bxa2 34. Nxe8 Kxe8 35. Rxd2 Bxb3 36. Bf6 Bc4 37. Rd8# {Alex72 checkmated} 1-0

[Event "ICS rated standard match"]
[Site "207.99.83.227"]
[Date "1999.04.16"]
[Round "?"]
[White "Hitzix"]
[Black "Hossa"]
[Result "1-0"]
[WhiteElo "2272"]
[BlackElo "2305"]
[Annotator "Crafty v16.6"]
[PlyCount "176"]

{annotating for player Hossa using a scoring margin of +0.10 pawns. search
time limit is 10.00} 1. Nf3 1... d5 2. d4 Nf6 3. e3 e6 4. Bd3 Be7 5. c4 O-O 6.
Nc3 dxc4 7. Bxc4 c5 8. O-O Nc6 9. Qd3 cxd4 10. exd4 Bd7 11. Bf4 Nb4 12. Qd2 Rc8
13. Ne5 Bd6 14. Bb3 Nbd5 15. Rac1 Bb4 16. Bxd5 Nxd5 17. a3 Bxc3 18. bxc3 b5 19.
a4 Nxf4 20. Qxf4 bxa4 21. c4 f6 22. Nd3 Qc7 23. Qe3 Kh8 24. Rfd1 Rfd8 25. Nc5
Qc6 26. f4 Rb8 27. Rc2 Qd6 28. Rcd2 Rdc8 29. Re1 Rb4 30. Rc1 a5 31. Qf3 Rcb8
32. Qc3 Bc8 33. Qe3 a3 34. Qxa3 Qxf4 35. Qa2 Qe3+ 36. Kh1 Rb1 37. Rxb1 Qxd2 38.
h3 Rxb1+ 39. Qxb1 Qxd4 40. Qb5 Qd1+ 41. Kh2 Qd6+ 42. Kh1 Qd8 43. Nb3 Bd7 44.
Qxa5 Qxa5 45. Nxa5 e5 46. c5 e4 47. c6 Be6 48. Kg1 g5 49. c7 g4 50. hxg4 Bxg4
51. Kf2 h5 52. g3 Kg7 53. Nb7 Kf7 54. Nd6+ Ke7 55. c8=Q Bxc8 56. Nxc8+ Ke6 57.
Kg2 f5 58. Nb6 h4 59. gxh4 Ke5 60. h5 Kf6 61. Nd5+ Kg5 62. Nf4 Kh6 63. Kg3 Kg5
64. Kh3 Kh6 65. Kh4 e3 66. Kg3 e2 67. Kf2 e1=Q+ 68. Kxe1 Kg7 69. Ke2 Kh6 70.
Kd3 Kh7 71. Kd4 Kg8 72. Ke5 Kh7 73. Kxf5 Kh6 74. Kf6 Kh7 75. Ne6 Kh6 76. Ng7
Kh7 77. Nf5 Kg8 78. Ke7 Kh8 79. Kf8 Kh7 80. Kf7 Kh8 81. Kg6 Kg8 82. h6 Kh8 83.
Nd6 Kg8 84. h7+ Kf8 85. h8=Q+ Ke7 86. Qf6+ Kd7 87. Nb5 Ke8 88. Qe6+ Kd8 1-0

[Event "ICS rated blitz match"]
[Site "207.99.83.227"]
[Date "1999.04.16"]
[Round "?"]
[White "totoff"]
[Black "Hossa"]
[Result "1-0"]
[WhiteElo "2262"]
[BlackElo "2558"]
[Annotator "Crafty v16.6"]
[PlyCount "66"]

{annotating for player Hossa using a scoring margin of +0.10 pawns. search
time limit is 10.00} 1. e4 1... d6 2. d4 Nf6 3. Nc3 Nbd7 4. f4 e5 ({8:-0.81} 
4... e5 5. fxe5 dxe5 6. dxe5 Nxe5 7. Qxd8+ Kxd8 8. Bf4 Ng6 9. O-O-O+ Bd7 10.
Bg5 Bc5 11. Bxf6+ 11... gxf6 $16) ({8:-0.16} 4... Nb6 5. Bd3 c5 6. Nf3 cxd4 7.
Bb5+ Bd7 8. Qxd4 8... Rc8 $10) 5. Nf3 c6 ({8:-0.41} 5... c6 6. dxe5 dxe5 7.
fxe5 Ng4 8. Bc4 Ngxe5 9. Nxe5 Nxe5 10. Qxd8+ Kxd8 11. Bg5+ 11... Kc7 $14) ({
8:-0.12} 5... exd4 6. Qxd4 Be7 7. e5 c5 8. Qd1 dxe5 9. fxe5 Ng4 10. Bb5 $10) 6.
Bd3 exd4 7. Nxd4 Nc5 8. O-O Qb6 ({8:+0.02} 8... Qb6 9. Kh1 Bg4 10. Be2 Bxe2 11.
Qxe2 Na4 12. e5 Nxc3 13. bxc3 $10) ({8:+0.43} 8... Be7 9. Nf5 O-O 10. Be3 Nxd3
11. Qxd3 Re8 12. Rad1 Bxf5 13. exf5 $15) 9. Kh1 Bg4 10. Qd2 Nxd3 11. Qxd3 O-O-O
({8:-0.27} 11... O-O-O 12. Be3 Qc7 13. Nb3 Qb8 14. Bd4 Be7 15. Kg1 $10) ({
8:+0.04} 11... Qc7 12. h3 Bd7 13. Re1 Qd8 14. Nf5 Be6 15. Kg1 $10) 12. Be3 Qxb2
({8:-0.58} 12... Qxb2 13. a3 Qb6 14. Ne6 Qa5 15. Nxd8 Qxd8 16. Kg1 $14) ({
8:+0.18} 12... Qc7 13. Nf5 Qa5 14. Ng3 Kb8 15. Qd4 d5 16. e5 $10) 13. Rab1 Qa3
14. Rb3 Qa5 15. Rfb1 Qc7 16. Ra3 Nd7 17. Rxa7 Nc5 18. Qc4 f6 19. h3 Bh5 20. Ne6
Nxe6 21. Qxe6+ Kb8 22. Qb3 Kc8 23. Bb6 Qb8 24. Qa4 Re8 25. Ra8 Kd7 26. Rxb8
Rxb8 27. Qa7 Be7 28. Ba5 Ke6 29. Rxb7 Rxb7 30. Qxb7 Kf7 31. f5 Kf8 32. Qxc6 g5
33. Nd5 Bf7 1-0

[Event "ICS rated standard match"]
[Site "207.99.83.227"]
[Date "1999.04.16"]
[Round "?"]
[White "Hossa"]
[Black "Moontan"]
[Result "1-0"]
[WhiteElo "2315"]
[BlackElo "2194"]
[PlyCount "34"]

1. e4 c5 2. Bc4 d6 3. Nc3 Nc6 4. Nf3 Nf6 5. d4 cxd4 6. Nxd4 e6 7. Nxc6 bxc6 8.
O-O Be7 9. Be3 O-O 10. Qf3 Qc7 11. Rae1 Rb8 12. b3 d5 13. exd5 cxd5 14. Bf4 Bd6
15. Nb5 Rxb5 16. Bxd6 dxc4 17. Bxc7 17... cxb3 {Moontan resigns} 1-0

[Event "ICS rated standard match"]
[Site "207.99.83.227"]
[Date "1999.04.16"]
[Round "?"]
[White "tol4511"]
[Black "Hossa"]
[Result "1-0"]
[WhiteElo "2228"]
[BlackElo "2325"]
[Annotator "Crafty v16.6"]
[PlyCount "143"]

{annotating for player Hossa using a scoring margin of +0.10 pawns. search
time limit is 10.00} 1. e4 1... e5 2. Nf3 Nc6 3. Nc3 Bb4 4. Nd5 Ba5 5. c3 Nf6
6. b4 Bb6 7. Nxf6+ Qxf6 8. d3 d6 ({8:-0.45} 8... d6 9. a4 a5 10. b5 Ne7 11. Bg5
Qe6 12. Be2 $14) ({8:-0.12} 8... O-O 9. Be2 d5 10. exd5 Ne7 11. c4 Bd4 12. Nxd4
12... exd4 $10) 9. Be2 O-O ({8:-0.84} 9... O-O 10. O-O Bg4 11. b5 Na5 12. c4 c5
13. Bg5 $16) ({8:-0.39} 9... a5 10. b5 Na7 11. c4 c6 12. Bg5 Qe6 13. a4 $14)
10. O-O Bg4 11. h3 Be6 ({8:-0.79} 11... Be6 12. b5 Nd8 13. c4 Qg6 14. Ng5 Bd4
15. Bh5 $16) ({8:-0.54} 11... Bxf3 12. Bxf3 a5 13. b5 Ne7 14. c4 Bd4 15. Rb1
15... Qh4 $14) 12. a4 a6 13. Bd2 Qg6 14. Ng5 Rad8 15. b5 Nb8 16. Nxe6 fxe6 17.
Bh5 Qf6 18. Qe2 Nd7 19. Be3 Ra8 20. Bg4 Kh8 21. a5 Bc5 22. Bxc5 Nxc5 23. Rfb1
axb5 24. Rxb5 Qf4 25. f3 c6 26. Rbb1 Qf6 27. Qd2 b5 28. c4 bxc4 29. dxc4 Qd8
30. Kh2 Ra6 31. Ra2 Qc7 32. Rd1 Nb7 33. Bxe6 Re8 34. Bf5 Rea8 35. c5 dxc5 36.
Qc3 Qb8 37. Rb2 R8a7 38. Rd7 Rxa5 39. Rbxb7 Rxb7 40. Rxb7 Qxb7 41. Qxa5 Qf7 42.
Qa8+ Qg8 43. Qxc6 g6 44. Qxc5 gxf5 45. Qxe5+ Qg7 46. Qb8+ Qg8 47. Qxg8+ Kxg8
48. exf5 Kg7 49. Kg3 Kf6 50. Kf4 Ke7 51. Ke5 Kf7 52. f6 Kf8 53. Ke6 h5 54. h4
Ke8 55. g4 Kd8 56. g5 Ke8 57. g6 Kd8 58. f7 Kc7 59. Kd5 Kb7 60. f8=Q Kc7 61.
Qe7+ Kb6 62. Qc5+ Kb7 63. Kc4 Ka6 64. Qc8+ Kb6 65. Qc5+ Ka6 66. Qb5+ Ka7 67.
Kc5 Ka8 68. Kc6 Ka7 69. Qa5+ Kb8 70. Qb5+ Ka7 71. Kc7 Ka8 72. Qb7# 1-0

[Event "ICS rated blitz match"]
[Site "207.99.83.227"]
[Date "1999.04.16"]
[Round "?"]
[White "TDChess"]
[Black "Hossa"]
[Result "1-0"]
[WhiteElo "2451"]
[BlackElo "2511"]
[Annotator "Crafty v16.6"]
[PlyCount "134"]

{annotating for player Hossa using a scoring margin of +0.10 pawns. search
time limit is 10.00} 1. d4 1... Nf6 2. Nf3 e6 3. e3 Be7 4. Bd3 O-O 5. c4 d6 ({
8:-0.17} 5... d6 6. O-O c5 7. Nc3 Nc6 8. Bd2 cxd4 9. Nxd4 9... Bd7 $10) ({
8:+0.01} 5... d5 6. c5 b6 7. cxb6 axb6 8. O-O Nbd7 9. Nc3 9... Bb7 $10) 6. O-O
Nc6 7. Qb3 e5 8. d5 Na5 ({9:-0.36} 8... Na5 9. Qc2 Bg4 10. Nbd2 b6 11. b4 Nb7
12. Bf5 12... Re8 $14) ({9:-0.13} 8... Nb8 9. Qc2 Na6 10. Bd2 Qd7 11. Nh4 e4
12. Bxe4 Nxd5 13. cxd5 Bxh4 14. Bxh7+ $10) 9. Qc3 c5 ({9:-0.29} 9... c5 10.
Nbd2 Bg4 11. Ng5 Rc8 12. Qc2 h6 13. Nge4 13... Qd7 $10) ({9:-0.01} 9... c6 10.
Bd2 b6 11. Qc2 cxd5 12. cxd5 Bg4 13. Ng5 Rc8 14. Bxh7+ 14... Kh8 $10) 10. e4
Bg4 11. a3 Bxf3 12. gxf3 b6 13. b4 Nb7 14. Qb3 Qd7 15. Nc3 Qh3 16. Be2 Kh8 17.
Qa4 Nd7 18. Qa6 Nd8 19. Nb5 Nb8 20. Qa4 a6 21. bxc5 dxc5 22. Rb1 Qd7 23. f4 Bf6
24. Bd1 Nb7 25. fxe5 Bxe5 26. f4 Bf6 27. e5 Bd8 28. Bd2 Kg8 29. Nc3 Qh3 30. Bf3
Ra7 31. d6 Qe6 32. Nd5 Nd7 33. Ne3 Nb8 34. Qc2 Kh8 35. Bg4 Qe8 36. Nd5 b5 37.
cxb5 axb5 38. Nc7 Bxc7 39. dxc7 Qc6 40. cxb8=Q Rxb8 41. Rf3 Ra6 42. Rfb3 Rb6
43. Qb2 Qg6 44. Rg3 Rd8 45. f5 Qc6 46. Be2 Qe4 47. e6 f6 48. Bh6 Rg8 49. Bxg7+
Rxg7 50. Qxf6 Qd4+ 51. Qxd4 cxd4 52. Rxb5 Rxb5 53. Bxb5 Rc7 54. f6 Nd6 55. e7
Rc1+ 56. Bf1 Rc8 57. Bc4 h6 58. f7 Nxf7 59. Bxf7 Kh7 60. Rg8 Rc1+ 61. Kf2 Rc2+
62. Ke1 Rc1+ 63. Kd2 Rf1 64. e8=Q Rf2+ 65. Ke1 h5 66. Qe4+ Rf5 67. Qxf5+ Kh6
1-0

[Event "ICS rated standard match"]
[Site "207.99.83.227"]
[Date "1999.04.16"]
[Round "?"]
[White "Hossa"]
[Black "msm7"]
[Result "1-0"]
[WhiteElo "2305"]
[BlackElo "2117"]
[PlyCount "32"]

1. e4 c5 2. Bc4 e6 3. Nc3 a6 4. a4 Nf6 5. Nf3 d5 6. exd5 exd5 7. Be2 Be7 8. d4
c4 9. O-O O-O 10. Bg5 Nc6 11. Ne5 Nxe5 12. dxe5 d4 13. exf6 Bxf6 14. Bxf6 Qxf6
15. Nd5 Qe5 16. Bxc4 16... Be6 {msm7 resigns} 1-0

[Event "ICS rated standard match"]
[Site "207.99.83.227"]
[Date "1999.04.16"]
[Round "?"]
[White "msm7"]
[Black "Hossa"]
[Result "0-1"]
[WhiteElo "2109"]
[BlackElo "2310"]
[PlyCount "39"]

1. Nf3 Nf6 2. d4 d5 3. Bg5 Bg4 4. Nbd2 e6 5. c3 Be7 6. Qb3 b6 7. Ne5 Bf5 8. e4
Nxe4 9. Nxe4 Bxg5 10. Bb5+ Kf8 11. Nxg5 Qxg5 12. h4 Qxg2 13. O-O-O Qxf2 14. Rd2
Qe3 15. Rf1 g6 16. Qb4+ c5 17. dxc5 bxc5 18. Qa5 Qxe5 19. h5 Ke7 20. Qa6 {
msm7 resigns} 0-1

[Event "ICS rated blitz match"]
[Site "207.99.83.227"]
[Date "1999.04.16"]
[Round "?"]
[White "Hossa"]
[Black "lunarlander"]
[Result "1-0"]
[WhiteElo "2492"]
[BlackElo "2199"]
[PlyCount "83"]

1. e4 c6 2. Nc3 d5 3. exd5 cxd5 4. Nf3 Nf6 5. Bb5+ Bd7 6. O-O Bxb5 7. Nxb5 Nc6
8. d4 e6 9. Bf4 Rc8 10. Bg5 a6 11. Bxf6 Qxf6 12. Nc3 Bd6 13. Qd2 Bb4 14. a3
Bxc3 15. Qxc3 O-O 16. Rac1 b5 17. Qe3 Na5 18. Ne5 Nc4 19. Nxc4 Rxc4 20. c3 Rfc8
21. Rce1 a5 22. Rc1 Qd8 23. Kh1 Qc7 24. Rcd1 b4 25. cxb4 axb4 26. a4 Qa7 27.
Kg1 Rc2 28. b3 R8c3 29. Rd3 Qa6 30. Qg5 f6 31. Qh5 Qc8 32. Rg3 Rb2 33. Rh3 Rxh3
34. Qxh3 Re2 35. Qd3 Qc2 36. Qb5 h6 37. Qxb4 Qd3 38. a5 Rb2 39. Qd6 Rb1 40.
Qxe6+ Kh7 41. Re1 Qxb3 42. Qf5+ {lunarlander resigns} 1-0

[Event "ICS rated standard match"]
[Site "207.99.83.227"]
[Date "1999.04.16"]
[Round "?"]
[White "DSantoro"]
[Black "Hossa"]
[Result "1-0"]
[WhiteElo "2218"]
[BlackElo "2327"]
[Annotator "Crafty v16.6"]
[PlyCount "100"]

{annotating for player Hossa using a scoring margin of +0.10 pawns. search
time limit is 10.00} 1. d4 1... Nf6 2. c4 g6 3. Nc3 Bg7 4. e4 d6 5. Nf3 Bg4 6.
Qb3 b6 7. Qa4+ Qd7 ({8:-0.10} 7... Qd7 8. Qxd7+ Nbxd7 9. Ng5 h6 10. Nb5 O-O 11.
f3 Bh5 12. Nxc7 hxg5 13. Nxa8 Rxa8 14. Bxg5 $10) ({8:+0.07} 7... Nfd7 8. Be2
Bxf3 9. Bxf3 Bxd4 10. O-O e5 11. Nb5 O-O 12. Nxa7 $10) 8. Qxd7+ Nbxd7 9. Nd2
Nb8 10. Bd3 O-O 11. Nb5 Ne8 ({9:+0.12} 11... Ne8 12. f3 Bd7 13. Nb3 Nc6 14. O-O
a6 15. d5 axb5 16. dxc6 Bxc6 17. cxb5 $10) ({9:+0.30} 11... Na6 12. f3 Bd7 13.
O-O Nb4 14. Bb1 c6 15. Nc7 15... Rad8 $10) 12. f3 Bd7 13. Nb3 Nc6 14. Be3 Nb4
15. Bb1 d5 16. Na3 dxc4 17. Nxc4 Bb5 18. Na3 Ba4 19. Nc2 Nc6 20. O-O a6 21. d5
Bxb3 22. axb3 Na5 23. Bg5 f6 24. Bf4 Nxb3 25. Ra3 Na5 26. Ba2 Nd6 27. Rc3 Rac8
28. Rc1 g5 29. Be3 f5 30. Nd4 fxe4 31. fxe4 Rf4 32. Bxf4 Bxd4+ 33. Be3 Bxc3 34.
Rxc3 Kg7 35. Bb1 Nac4 36. Bd4+ Kf7 37. e5 Nd2 38. exd6 Nxb1 39. Rxc7 Rd8 40.
Rxe7+ Kg6 41. d7 b5 42. Bb6 Rxd7 43. Rxd7 Nd2 44. Ra7 Nc4 45. Bc5 Kf5 46. d6
Ne5 47. Rxh7 Nc6 48. d7 a5 49. Rh6 Nd8 50. Be7 Nf7 1-0

[Event "ICS rated standard match"]
[Site "207.99.83.227"]
[Date "1999.04.16"]
[Round "?"]
[White "Hossa"]
[Black "dcsanford"]
[Result "1-0"]
[WhiteElo "2306"]
[BlackElo "2089"]
[PlyCount "41"]

1. e4 d6 2. d4 f6 3. Bc4 g6 4. Nf3 f5 5. e5 d5 6. Bb3 b5 7. Nc3 c6 8. a4 bxa4
9. Nxa4 Ba6 10. Nc5 e6 11. Nxa6 Qb6 12. Qd3 Nxa6 13. Qxa6 Qb4+ 14. Bd2 Qb6 15.
Qxb6 axb6 16. Rxa8+ Ke7 17. Bb4+ c5 18. dxc5 bxc5 19. Bxc5+ Kf7 20. Ng5+ Kg7
21. Bxf8# {dcsanford checkmated} 1-0

[Event "ICS rated blitz match"]
[Site "207.99.83.227"]
[Date "1999.04.16"]
[Round "?"]
[White "Hossa"]
[Black "Agokoy"]
[Result "1-0"]
[WhiteElo "2531"]
[BlackElo "2505"]
[Annotator "Fritz 5.32 (15s)"]
[PlyCount "37"]

1. e4 c5 2. Bc4 e6 3. Nc3 a6 4. a4 Nc6 5. Nf3 d6 (5... Qc7 6. O-O Nf6 7. Re1 d6
8. d3 Be7 9. Ba2 O-O 10. Ne2 b5 11. c3 Bb7 12. Nf4 Ne5 13. Ng5 d5 14. Ngxe6
fxe6 15. Nxe6 Qd6 16. Nxf8 Rxf8 17. f4 Nxd3 18. Qxd3 c4 19. e5 Qc5+ 20. Qd4 {
Xheladini,M-Kellenberger,S/Bern op 1994/0-1 (38)}) 6. O-O Nf6 7. d4 $146 (7. d3
h6 8. Bf4 Bd7 9. Qd2 Nd4 10. Nxd4 cxd4 11. Ne2 e5 12. Bg3 Be7 13. f4 Nh5 14.
fxe5 O-O 15. exd6 Bg5 16. Qe1 Nxg3 17. Qxg3 Be3+ 18. Kh1 Rc8 19. Nf4 Rc5 20.
Nd5 Bg5 21. Qe5 21... Kh8 {
Jouault,L-Mikurenda,A/open, St Heliers JER 1997/1-0 (50)}) 7... cxd4 8. Nxd4
Be7 9. Nxc6 9... bxc6 {Kontrolliert b5} 10. Bg5 (10. Bd3 10... O-O $11) 10...
O-O (10... d5 11. exd5 exd5 12. Bd3 $15) 11. Qf3 d5 12. Bb3 Rb8 (12... d4 13.
e5 Nd7 14. Bxe7 Qxe7 15. Ne2 $11) 13. Bf4 Rb4 14. exd5 cxd5 15. Rad1 Bb7 16.
Kh1 $15 (16. Na2 16... Rb6 $11) 16... Nd7 $11 (16... d4 17. Qh3 $15) 17. Na2
Re4 18. c3 {Ueberdeckt b4} 18... Ne5 $4 $18 {danach wendet sich das Blatt} (
18... Bg5 $142 {war die einzige Moeglichkeit, noch zu kaempfen} 19. Bc1 19...
Bf6 $11) 19. Qxe4 $1 {Boing!} (19. Qxe4 dxe4 20. Rxd8 Rxd8 21. Bxe5 $18) 1-0

[Event "ICS Rated blitz match"]
[Site "207.99.83.227"]
[Date "1999.04.16"]
[Round "?"]
[White "Hossa"]
[Black "Agokoy"]
[Result "1-0"]
[WhiteElo "2559"]
[BlackElo "2477"]
[Annotator "Fritz 5.32 (15s)"]
[PlyCount "55"]

1. e4 d6 2. d4 Nf6 3. Nc3 g6 4. Bc4 Bg7 5. Nf3 O-O 6. O-O Nxe4 7. Nxe4 d5 8.
Bd3 dxe4 9. Bxe4 Nd7 10. Bg5 (10. Bf4 c5 11. c3 cxd4 12. Nxd4 12... e5 {
0-1 Holt-Hawkeye/Internet Chess Club 1996 (12)}) 10... Nf6 11. Qe2 $146 (11.
Re1 Nxe4 12. Rxe4 Re8 13. c4 Bf5 14. Rh4 f6 15. Bd2 g5 16. Rh5 Bg4 17. Rxh7
Kxh7 18. h3 Bxf3 19. Qxf3 Qxd4 20. Bc3 Qb6 21. Rd1 Rad8 22. Qf5+ Kg8 23. Bd4
23... Rxd4 {0-1 Moss,D-Stothert,A/IECG, Cat-A (m/1546/02) 1995 (23)}) 11...
Nxe4 12. Qxe4 Re8 13. Rae1 c6 14. Bxe7 Qb6 15. Qh4 Bf5 16. Bf6 Bxc2 17. Bxg7
Kxg7 18. b3 $17 (18. Re7 Qxb2 19. Ne5 Rxe7 20. Qxe7 Qxa2 21. Qxb7 21... Rf8 $11
) 18... Qb5 $11 (18... Bd3 $5 $142 19. Rxe8 19... Rxe8 $17) 19. Ne5 $15 (19.
Re7 $5 $11 {muss unbedingt geprueft werden}) 19... Bf5 $11 (19... Qd5 20. Re3
$15) 20. Re3 Qd5 (20... Qa5 21. Nc4 Qd5 22. Rfe1 $11) 21. Nf3 $15 (21. Rfe1
21... Be6 $11) 21... Rxe3 $11 (21... Re4 22. Rxe4 Bxe4 23. Ng5 $14) 22. fxe3
22... f6 {Verwehrt dem Gegner e5+g5} (22... Re8 23. Re1 $15) 23. Qf4 Re8 (23...
Rf8 24. Rf2 $15) 24. Nh4 24... Bd7 $4 $18 {
danach kann Schwarz alle Traeume begraben} (24... Qe4 $11 $142 {
haette die Niederlage vermieden}) 25. Qxf6+ Kg8 (25... Kh6 {
die letzte Gegenchance} 26. Nxg6 $1 {weise Rueckgabe des Materials} 26... hxg6
$18) 26. Nxg6 {Mit der Mattdrohung Qh8} 26... hxg6 27. Qxg6+ Kh8 28. Rf4 $1 {
ganz unerschrocken. Droht Matt} (28. Rf4 28... Qe4 {
Schwarz kann das gewonnene Material nicht behalten} 29. Rxe4 Rxe4 30. Qxe4 $18)
1-0

[Event "ICS rated blitz match"]
[Site "207.99.83.227"]
[Date "1999.04.16"]
[Round "?"]
[White "Hossa"]
[Black "Chopster"]
[Result "0-1"]
[WhiteElo "2578"]
[BlackElo "2513"]
[Annotator "Crafty v16.6"]
[PlyCount "81"]

{annotating for player Hossa using a scoring margin of +0.10 pawns. search
time limit is 10.00} 1. e4 1... Nc6 2. Nf3 e5 3. Bb5 a6 4. Bxc6 dxc6 5. d3 ({
8:-0.13} 5. d3 5... Bg4 6. h3 Bxf3 7. Qxf3 Bb4+ 8. Bd2 Bc5 9. O-O 9... Nf6 $10)
({8:+0.08} 5. Nc3 5... Qd6 6. d4 exd4 7. Nxd4 c5 8. Nf3 Qxd1+ 9. Kxd1 Nf6 10.
Bg5 $10) 5... Bd6 6. d4 Bg4 7. dxe5 Bxe5 8. Nbd2 ({9:-0.40} 8. Nbd2 8... Nf6 9.
O-O O-O 10. Nc4 Qxd1 11. Rxd1 Bxf3 12. gxf3 Rae8 13. Nxe5 13... Rxe5 $15) ({
9:-0.14} 8. Qxd8+ 8... Rxd8 9. Nbd2 Bf4 10. Nb3 Bd6 11. Nfd2 Nf6 12. f3 Be6 13.
O-O $10) 8... Nf6 9. h3 ({8:-0.45} 9. h3 9... Bxf3 10. Qxf3 O-O 11. O-O Qd6 12.
Qf5 Bh2+ 13. Kh1 Bf4 14. Rd1 $15) ({8:-0.33} 9. O-O 9... O-O 10. Nc4 Qxd1 11.
Rxd1 Rad8 12. Be3 Bxf3 13. gxf3 Nd7 14. Nxe5 14... Nxe5 $15) 9... Bxf3 10. Qxf3
Qe7 11. O-O O-O 12. Qf5 g6 13. Qg5 Rfe8 14. c3 Rad8 15. f4 Qc5+ 16. Kh1 Rxd2
17. Bxd2 Nxe4 18. Qh4 Bf6 19. Qe1 Qb5 20. f5 Qxb2 21. fxg6 hxg6 22. Rd1 Qxa2
23. Rf4 Qd5 24. h4 Re6 25. Be3 Qb3 26. Rd3 Bxc3 27. Rd8+ Kg7 28. Rf3 Qb4 29.
Qc1 Qe7 30. Rb8 Be5 31. Kg1 Ng3 32. Qc4 b5 33. Qg4 Qd6 34. Rf2 Qd3 35. Bh6+
Kxh6 36. Rh8+ Kg7 37. Rh7+ Kxh7 38. Rxf7+ Kh8 39. Rf8+ Kg7 40. Rg8+ Kh7 41. Rf8
0-1

[Event "ICS Rated blitz match"]
[Site "207.99.83.227"]
[Date "1999.04.16"]
[Round "?"]
[White "Hossa"]
[Black "Prof-Moriarty"]
[Result "1/2-1/2"]
[WhiteElo "2559"]
[BlackElo "2321"]
[PlyCount "152"]

1. e4 d6 2. d4 Nf6 3. Bd3 c6 4. Ne2 e5 5. dxe5 dxe5 6. O-O Be7 7. Bg5 O-O 8.
Nd2 h6 9. Bxf6 Bxf6 10. Qe1 Nd7 11. Rd1 Qe7 12. Nc3 b5 13. a4 a6 14. Nb3 Nc5
15. Nxc5 Qxc5 16. Kh1 Bg4 17. f3 Be6 18. Rg1 Rfd8 19. Rd2 Bg5 20. Re2 Bc4 21.
Bxc4 Qxc4 22. a5 Qb4 23. Qa1 Qe7 24. Qe1 Rd4 25. Nb1 Rad8 26. Qf2 Rd1 27. Rxd1
Rxd1+ 28. Re1 Qd6 29. Qg1 Rxe1 30. Qxe1 Qd4 31. c3 Qd3 32. Na3 c5 33. Qg1 Be3
34. Qe1 Qd2 35. Qxd2 Bxd2 36. Nxb5 Bc1 37. c4 Bxb2 38. Nc7 Bc3 39. Nxa6 Bxa5
40. Nxc5 f6 41. Nd7 Kf7 42. c5 Ke7 43. Nb8 Bc7 44. Na6 Kd7 45. Nb4 Ba5 46. Nd3
Kc6 47. f4 Bc3 48. g3 Bd4 49. Kg2 exf4 50. gxf4 Bxc5 51. h4 Bd4 52. h5 Kd7 53.
Nb4 Ke6 54. Kf3 Kf7 55. Nc6 Bb6 56. e5 fxe5 57. fxe5 g6 58. hxg6+ Kxg6 59. Ke4
Bc7 60. e6 Bd6 61. Kd5 Bf8 62. Ne5+ Kg5 63. Nf7+ Kg6 64. Kc6 h5 65. Kd7 h4 66.
Ne5+ Kf5 67. Nf3 h3 68. Nh2 Kf4 69. Ke8 Ba3 70. Kf7 Kg3 71. Nf1+ Kg2 72. Ne3+
Kg3 73. Kf6 h2 74. Nf1+ Kg2 75. Nxh2 Kxh2 76. e7 76... Bxe7+ {
Game drawn because neither player has mating material} 1/2-1/2

[Event "ICS Rated blitz match"]
[Site "207.99.83.227"]
[Date "1999.04.16"]
[Round "?"]
[White "Prof-Moriarty"]
[Black "Hossa"]
[Result "1-0"]
[WhiteElo "2331"]
[BlackElo "2549"]
[Annotator "Crafty v16.6"]
[PlyCount "121"]

{annotating for player ossa  using a scoring margin of +0.10 pawns.  search
time limit is 10.00} 1. d4 1... Nf6 2. Nf3 e6 3. e3 Be7 4. Bd3 O-O 5. Nbd2 d5
6. O-O c5 7. b3 Nc6 8. Bb2 cxd4 9. exd4 Qc7 10. a3 Bd7 ({9:-0.22} 10... Bd7 11.
Ne5 Be8 12. Qf3 Rc8 13. Rae1 Bd6 14. Qf4 Nxe5 15. dxe5 $10) ({9:+0.21} 10...
Qf4 11. Re1 Bd7 12. g3 Qh6 13. Bf1 Ng4 14. Bg2 14... Qf6 $10) 11. Qe2 Rac8 ({
8:-0.30} 11... Rac8 12. Ne5 Be8 13. Rfe1 Qd6 14. Rad1 Rc7 15. Ndf3 $10) ({
8:+0.02} 11... Qf4 12. b4 Ng4 13. b5 Na5 14. h3 Nf6 15. Qe5 $10) 12. Ne5 Bd6
13. f4 Be8 14. Rf3 Qe7 15. Rh3 Kh8 16. Bxh7 Qd8 17. Bd3+ Kg8 18. Qf2 Nd7 19.
Qf3 Nf6 20. Qg3 Ne4 21. Nxe4 dxe4 22. Bxe4 Be7 23. d5 Nxe5 24. Bxe5 Bc5+ 25.
Kh1 f6 26. Bh7+ Kf7 27. Qg6+ Ke7 28. Qxg7+ Rf7 29. Bxf6+ Kd6 30. Qxf7 Bxf7 31.
Bxd8 Rxd8 32. dxe6 Kxe6 33. Rh6+ Ke7 34. Re1+ Kf8 35. Bd3 Bxb3 36. Rh8+ Bg8 37.
Bc4 Kg7 38. Rxg8+ Rxg8 39. Bxg8 Kxg8 40. a4 Kf8 41. g4 b6 42. Kg2 Be7 43. Kf3
Bf6 44. g5 Bc3 45. Re2 a6 46. f5 b5 47. axb5 axb5 48. h4 Kf7 49. h5 Ba1 50. f6
Bd4 51. Kg4 b4 52. Kf5 Kf8 53. g6 Bc5 54. f7 Kg7 55. Re8 Kh6 56. Rh8+ Kg7 57.
Rh7+ Kf8 58. Ke6 Bd4 59. h6 b3 60. g7+ Bxg7 61. hxg7# 1-0

[Event "ICS rated blitz match"]
[Site "207.99.83.227"]
[Date "1999.04.16"]
[Round "?"]
[White "PeakPower"]
[Black "Hossa"]
[Result "0-1"]
[WhiteElo "2446"]
[BlackElo "2524"]
[PlyCount "47"]

1. c4 e5 2. g3 Be7 3. Bg2 Nc6 4. Nc3 Nf6 5. Nf3 d6 6. O-O O-O 7. b3 Bg4 8. Bb2
Qd7 9. Ng5 Nh5 10. Nge4 Bh3 11. Bxh3 Qxh3 12. Nd5 Rac8 13. b4 Bd8 14. b5 Ne7
15. Ndc3 Nf5 16. f4 Nfxg3 17. Rf3 exf4 18. Qe1 Bh4 19. Qd1 Qg4 20. hxg3 fxg3
21. e3 f5 22. d3 Qh3 23. Qd2 fxe4 24. Rf4 {PeakPower resigns} 0-1